00442nam a2200121Ia 4500008004100000245005500041245004000096260000900136650003200145856005100177999001900228952007300247171204s9999 xx 000 0 und d aEnvironmental Microbiology: Methods and Protocols: cAndrew J. Holmes and Ian T. Paulsen c2014 xMicrobiology & Parasitology uhttp://down.ebook777.com/041/9781627037112.pdf c346391d346391 001040aCLbCLd2017-12-04l0r2017-12-04 00:00:00w2017-12-04yCBE